01514nam a22003973 4500001001400000005001700014008004100031020003500072035001500107040002800122041001300150044001100163072004400174080002000218080002200238080001900260080001600279100003600295240004600331245008500377246007600462250001500538264006500553300004200618336002600660337002900686338002900715500008400744500010500828500003000933650003700963650003301000650002801033655002401061700003101085vtls00064070520200129125907.0190619s2019 xo oac d f 001 0 slo d a9788056611425q(brožované) aa000640705 aUKBbslodUKBerdacRDA1 aslohger axocSK 7a37xVýchova a vzdelávanie2konspekt a159.922.722011 a37.03-053.222011 a173.3/.522011 a(035)220111 aKast-Zahn, Annette,d1956-4aut10aJedes Kind kann Regeln lernen.lSlovensky10aAko naučiť deti pravidlácAnnette Kast-Zahn ; preklad Ivana Bušniaková1 iNa prednej strane obálky:aRady pre rodičov detí od 1 do 14 rokov a2. vydanie 1aV BratislavebLindenibAlbatros Media Slovakia, s.r.o.c2019 a177 stránbilustrácie, portréty atextbtxt2rdacontent abez médiabn2rdamedia azväzokbnc2rdacarrier aVydalo nakladateľstvo Lindeni v spoločnosti Albatros Media Slovakia, s.r.o. aChybný údaj o vydaní na rube titulného listu. Správne: 1 vydanie - podľa údaju NA ISBN aPreložené z nemčiny07apsychológia dieťaťa2UKBPH07avýchova dieťaťa2UKBPH07arodičia a deti2UKBPH 7apríručky2UKBPH1 aBušniaková, Ivana4trl